000
00279nam a2200109Ia 4500
008
230907s9999||||xx |||||||||||||| ||und||
082
_a
370.152
_b
RIT
100
_a
Ritchhart, Ron.
_9
115602
245
0
_a
Creating cultures of thinking :
300
_a
xiv, 367 pages ;
942
_c
BK
999
_c
598925
_d
598925